Apoyo pedagógico y desarrollo profesional en el área del Idioma Inglés para docentes de la escuela parvularia Yolanda Ramírez de Díaz (Registro nro. 26501)

Detalles MARC
000 -CABECERA
Longitud fija campo de control 01197nam a22002297a 4500
003 - IDENTIFICADOR DELl NÚMERO DE CONTROL
Identificador del número de control OSt
005 - FECHA Y HORA DE LA ÚLTIMA TRANSACCIÓN
Fecha y hora de la última transacción 20161119104441.0
008 - CÓDIGOS DE INFORMACIÓN DE LONGITUD FIJA
Códigos de información de longitud fija 140214b2016 slv spa
040 ## - FUENTE DE LA CATALOGACIÓN
Centro transcriptor BMC
082 ## - NÚMERO DE LA CLASIFICACIÓN DECIMAL DEWEY
Númeroo de clasificación 425.07
100 1# - PUNTO DE ACCESO PRINCIPAL-NOMBRE DE PERSONA
9 (RLIN) 40434
Nombre de persona Rodríguez Alvarado, Alejandra Gabriela
245 10 - MENCIÓN DE TÍTULO
Título Apoyo pedagógico y desarrollo profesional en el área del Idioma Inglés para docentes de la escuela parvularia Yolanda Ramírez de Díaz
Resto del título : proyecto
Mención de responsabilidad, etc. Alejandra Gabriela Rodríguez Alvarado, Ana Elizabeth Díaz Linares, Jenny Alejandrina Recinos Centeno
260 ## - PUBLICACIÓN, DISTRIBUCIÓN, ETC. (PIE DE IMPRENTA)
Lugar de publicación, distribución, etc. Santa Ana (El Salvador)
Nombre del editor, distribuidor, etc. Universidad Católica de El Salvador
Fecha de publicación, distribución, etc. 2016
300 ## - DESCRIPCIÓN FÍSICA
Extensión 69 h.
Otras características físicas il. col
Dimensiones 27 cm
Material anejo + 1 disco compacto
500 ## - NOTA GENERAL
Nota general Precede al tít.: Universidad Católica de El Salvador, Facultad de Ciencias y Humanidades
502 ## - NOTA DE TESIS
Nota de tesis Para optar al grado académico de Licenciatura en Ciencias de la Educación con Especialidad en Idioma Inglés
650 24 - PUNTO DE ACCESO ADICIONAL DE MATERIA - TÉRMINO DE MATERIA
9 (RLIN) 17614
Término de materia o nombre geográfico como elemento inicial Lengua inglesa
Subdivisión de materia general Gramática
-- Enseñanza
700 1# - PUNTO DE ACCESO ADICIONAL - NOMBRE DE PERSONA
9 (RLIN) 40435
Nombre de persona Díaz Linares, Ana Elizabeth
700 1# - PUNTO DE ACCESO ADICIONAL - NOMBRE DE PERSONA
9 (RLIN) 40436
Nombre de persona Recinos Centeno, Jenny Alejandrina
710 2# - PUNTO DE ACCESO ADICIONAL - NOMBRE DE ENTIDAD
9 (RLIN) 1075
Nombre de entidad o nombre de jurisdicción como elemento inicial Universidad Católica de El Salvador
Unidad subordinada Facultad de Ciencias y Humanidades
942 ## - ENTRADA DE ELEMENTOS AGREGADOS (KOHA)
Fuente de clasificaión o esquema Dewey Decimal Classification
Koha [por defecto] tipo de item 4- Trabajo de Graduación
Existencias
Suprimido Perdido Fuente de clasificación o esquema Estropeado Restricciones de uso No para préstamo Código de colección Localización permanente Localización actual Localización en estanter&íacute;as Fecha adquisición Fuente de adquisición Número de inventario Préstamos totales Signatura completa Código de barras Fecha última consulta Fecha del precio de reemplazo Tipo de item de Koha
NULL NULL Dewey Decimal Classification NULL Prestable NULL NULL Biblioteca Miguel de Cervantes - UNICAES Biblioteca Miguel de Cervantes - UNICAES Sala Principal 25/10/2016 Donación - Alejandra Gabriela Rodríguez Alvarado, Ana Elizabeth Díaz Linares, Jenny Alejandrina Recinos Centeno 002443   P-002443 1039484 09/11/2016 09/11/2016 4- Trabajo de Graduación